| 000 | 00689nam a2200253Ia 4500 | ||
|---|---|---|---|
| 003 | OSt | ||
| 005 | 20220924131944.0 | ||
| 006 | a|||||r|||| 00| 0 | ||
| 007 | ta | ||
| 008 | 220923b |||||||| |||| 00| 0 tel d | ||
| 020 | _c50 | ||
| 024 | _a338890 | ||
| 037 | _cTextual | ||
| 040 |
_aARTS _cARTS _btel |
||
| 041 |
_2tel _atel |
||
| 082 | _aV216.D70, 35N2 | ||
| 100 |
_aKanakadurga Shri Au. _9203369 |
||
| 245 | 0 | _aKakatiyula nati samajika jeevanmau | |
| 260 |
_aVijayawada _bShri Manasa Publications India _c1992 |
||
| 300 |
_a220 _ccm. |
||
| 650 | _aHISTORY | ||
| 942 |
_hV216.D70, 35N2 _cTEXL _2CC |
||
| 999 |
_c428756 _d428756 |
||